Vainqueurs de tournois du Grand Chelem (ère Open) - Mort Subite - Statistiques

Statistiques générales
  • Ce quiz a été pris 132 fois
  • Le résultat moyen est 7 sur 20
Answers on the Grid
Answers color-coded by a green-red scale on the quiz's grid according to % correct below.
Alexander ZVEREV
Stefanos TSITSIPAS
Novak DJOKOVIC
Rafael NADAL
Andy MURRAY
Roger FEDERER
Carlos ALCARAZ
Boris BECKER
Dominic THIEM
Rod LAVER
Stan WAWRINKA
Bjorn BORG
Pete SAMPRAS
Gaël MONFILS
David GOFFIN
André AGASSI
Mats WILANDER
Carlos MOYA
Antoine DUPONT
Juan-Martin DEL POTRO
Gustavo KUERTEN
Henri COCHET
Petr KORDA
Kei NISHIKORI
Michael CHANG
Andy RODDICK
Adriano PANATTA
Dmitri MEDVEDEV
Stan SMITH
MA Long
 
Statistiques - réponses
Réponse % Correct
Novak DJOKOVIC
58%
Carlos ALCARAZ
56%
Rafael NADAL
55%
Roger FEDERER
54%
Andy MURRAY
49%
Stan WAWRINKA
48%
André AGASSI
44%
Pete SAMPRAS
42%
Bjorn BORG
38%
Gustavo KUERTEN
37%
Mats WILANDER
34%
Dominic THIEM
32%
Juan-Martin DEL POTRO
32%
Michael CHANG
32%
Boris BECKER
30%
Andy RODDICK
28%
Carlos MOYA
24%
Stan SMITH
17%
Adriano PANATTA
7%
Petr KORDA
6%
Aucun quiz correspondant
Distribution des résultats
% des personnes avec chaque résultat
Percentile par nombre de réponses
Votre historique - résultats
Vous n’avez pas pris ce quiz